Материалы Международной научной конференции XXIV Докучаевские молодежные чтения, посвященной 175-летию со дня рождения В. В. Докучаева и Году науки и технологий России "Почвоведение в цифровом обществе", 1-3 марта 2021 года, Санкт-Петербург (Запись № 12509970)

Подробности
000 -МАРКЕР
контрольное поле 04588nam0a2200433 4500
001 - ИДЕНТИФИКАТОР ЗАПИСИ
контрольное поле RU\NLR\BIBL_A\012877803
005 - ИДЕНТИФИКАТОР ВЕРСИИ
контрольное поле 20221024120603.0
021 ## - НОМЕР ГОСУДАРСТВЕННОЙ РЕГИСТРАЦИИ
Код страны Российская Федерация
Номер КН-П-22-043385
Номер Листа государственной регистраци КН-П-22-3745
035 ## - ДРУГИЕ СИСТЕМНЫЕ НОМЕРА
Идентификатор записи (NLR Aleph) 012877803
035 ## - ДРУГИЕ СИСТЕМНЫЕ НОМЕРА
Идентификатор записи (RuMoRGB)011130997
100 ## - ДАННЫЕ ОБЩЕЙ ОБРАБОТКИ
Данные общей обработки 20220830d2021 km y0rusy50 ca
101 0# - ЯЗЫК РЕСУРСА
Язык текста, звукозаписи и т.д. русский
-- английский
102 ## - СТРАНА ПУБЛИКАЦИИ ИЛИ ПРОИЗВОДСТВА
Страна публикации Российская Федерация
105 ## - ПОЛЕ КОДИРОВАННЫХ ДАННЫХ: ТЕКСТОВЫЕ МАТЕРИАЛЫ, МОНОГРАФИЧЕСКИЕ
Кодированные данные о монографическом текстовом документе a|||z|||111zy
181 #0 - ПОЛЕ КОДИРОВАННЫХ ДАННЫХ: ВИД СОДЕРЖАНИЯ
Код вида содержания (ISBD) i
Код характеристики содержания (ISBD) axxe
182 #0 - ПОЛЕ КОДИРОВАННЫХ ДАННЫХ: ТИП СРЕДСТВА
Код типа средства (ISBD) n - непосредственное
200 1# - ЗАГЛАВИЕ И СВЕДЕНИЯ ОБ ОТВЕТСТВЕННОСТИ
Основное заглавие Материалы Международной научной конференции XXIV Докучаевские молодежные чтения, посвященной 175-летию со дня рождения В. В. Докучаева и Году науки и технологий России "Почвоведение в цифровом обществе", 1-3 марта 2021 года, Санкт-Петербург
Первые сведения об ответственности Министерство науки и высшего образования Российской Федерации, Санкт-Петербургский государственный университет, Институт наук о Земле [и др.]
Последующие сведения об ответственности редакционная коллегия: Б. Ф. Апарин (председатель) [и др.]
203 ## - ВИД СОДЕРЖАНИЯ И ТИП СРЕДСТВА
Вид содержания Текст
Дополнительные сведения об издании визуальный
Тип средства непосредственный
210 ## - ПУБЛИКАЦИЯ, РАСПРОСТРАНЕНИЕ И ДР.
Место издания, распространения и т.д. Санкт-Петербург
Имя издателя, распространителя и т. д. [б. и.]
Дата издания, распространения и т.д. 2021
215 ## - ФИЗИЧЕСКАЯ ХАРАКТЕРИСТИКА
Специфическое обозначение материала и объем 255, [1] с.
Другие сведения о физической характеристике ил.
Размеры 20
300 ## - ОБЩИЕ ПРИМЕЧАНИЯ
Текст примечания На обл.: Почвоведение в цифровом обществе: XXIV Докучаевские молодежные чтения
300 ## - ОБЩИЕ ПРИМЕЧАНИЯ
Текст примечания Загл. корешка: XXIV Докучаевские молодежные чтения
300 ## - ОБЩИЕ ПРИМЕЧАНИЯ
Текст примечания Часть текста англ.
300 ## - ОБЩИЕ ПРИМЕЧАНИЯ
Текст примечания На обл.: ISBN 2618-950X
320 ## - ПРИМЕЧАНИЯ О НАЛИЧИИ В ДОКУМЕНТЕ БИБЛИОГРАФИИ / УКАЗАТЕЛЯ
Текст примечания Библиогр. в конце докл.
320 ## - ПРИМЕЧАНИЯ О НАЛИЧИИ В ДОКУМЕНТЕ БИБЛИОГРАФИИ / УКАЗАТЕЛЯ
Текст примечания Алф. список авт.: с. 253-256
330 ## - РЕЗЮМЕ ИЛИ РЕФЕРАТ
Текст примечания В материалах рассматриваются вопросы формализации знаний и развития информационных технологий в почвоведении, цифрового почвенного картографирования и применения ГИС-технологий, многофункциональности почвенной системы, содержания и распределения тяжелых металлов и радиоактивных элементов в почвах, закономерностей географического распространения, изменения почв под действием естественных факторов внешней среды и антропогенного пресса, места почв в современной классификации, интенсификации земледелия и рационального использования почв, применения различных удобрений, биопрепаратов, IoT-технологий для выращивания сельскохозяйственных культур. XXIV Докучаевские молодежные чтения посвящены 175-летию со дня рождения В. В. Докучаева и Году науки и технологий в России. В сборнике представлены современные научные достижения студентов, аспирантов, молодых ученых, работы школьников. Для специалистов в области почвоведения, биологии, экологии, географии, сельского хозяйства и охраны окружающей среды
512 1# - ЗАГЛАВИЕ ОБЛОЖКИ
Заглавие обложки Почвоведение в цифровом обществе
Сведения, относящиеся к заглавию XXIV Докучаевские молодежные чтения
516 1# - ЗАГЛАВИЕ НА КОРЕШКЕ [ИЗДАНИЯ]
Заглавие на корешке XXIV Докучаевские молодежные чтения
606 1# - НАИМЕНОВАНИЕ ТЕМЫ КАК ПРЕДМЕТ
Наименование темы Почвоведение
Формальный подзаголовок Съезды, совещания и т.п
Код системы nlr_sh1
-- nlr_sh2
Идентификатор авторитетной/нормативной записи RU\NLR\AUTH\66106273
675 ## - УНИВЕРСАЛЬНАЯ ДЕСЯТИЧНАЯ КЛАССИФИКАЦИЯ (UDC/УДК)
Индекс 631.4(082)
Издание 4
686 1# - ИНДЕКСЫ ДРУГИХ КЛАССИФИКАЦИЙ
Индекс П03я431(0)
702 #1 - ИМЯ ЛИЦА - ВТОРИЧНАЯ ОТВЕТСТВЕННОСТЬ
Начальный элемент ввода Докучаев
Часть имени, кроме начального элемента ввода В. В
710 12 - НАИМЕНОВАНИЕ ОРГАНИЗАЦИИ - ПЕРВИЧНАЯ ОТВЕТСТВЕННОСТЬ
Начальный элемент ввода Докучаевские молодежные чтения
Порядковый номер временной организации и / или порядковый номер ее части 24
Дата проведения временной организации 2021
Место проведения временной организации Санкт-Петербург
Идентификатор авторитетной/нормативной записи RU\NLR\AUTH\880572402
942 ## - ДОПОЛНИТЕЛЬНЫЕ ЭЛЕМЕНТЫ ЗАПИСИ (АБИС)
Тип экземпляра АБИС Книга
980 ## - КОЛЛЕКЦИЯ
Название коллекции Национальная библиография
Экземпляры
Тип экземпляра Дата поступления Источник поступления Библиотека постоянного хранения Библиотека текущего хранения Место хранения Шифр хранения Штрих-код Статус экземпляра
Книга 30.08.2022 Обязательный экземпляр РНБ (Московский) РНБ (Московский) Русский книжный фонд: издания с 1957 года 2022-3/19912 1-3957844  
Книга 30.08.2022 Обязательный экземпляр РНБ (Московский) РНБ (Московский) Русский книжный фонд: издания с 1957 года 2022-3/19912 1-3957848